Normal view
MARC view
- بركات، نظام ،الرواف، عثمان ،الحلوة ،محمد
Entry Personal Name
001 - CONTROL NUMBER
- control field: 34865
003 - CONTROL NUMBER IDENTIFIER
- control field: JO-AjAnu
005 - DATE AND TIME OF LATEST TRANSACTION
- control field: 20230606075833.0
008 - FIXED-LENGTH DATA ELEMENTS
- fixed length control field: 230606|| aca||aabn | a|a d
040 ## - CATALOGING SOURCE
- Original cataloging agency: JO-AjAnu
- Transcribing agency: JO-AjAnu
100 ## - HEADING--PERSONAL NAME
- Personal name: بركات، نظام ،الرواف، عثمان ،الحلوة ،محمد
670 ## - SOURCE DATA FOUND
- Source citation: Work cat.: (JO-AjAnu)17905: بركات، نظام ،الرواف، عثمان ،الحلوة ،محمد, author, مبادئ علم السياسة